000 00465nam a22001577a 4500
999 _c9347
_d9347
008 210405b ||||| |||| 00| 0 eng d
040 _aBMS College of Architecture
100 _aSimha, H, N, Vijaya
245 _aThree star hotel
300 _aNA
500 _a95BG073
502 _8B.Arch
_NBMS College of Architecture, Visvesvaraya Technological University
_aProject report
_d2003
650 _aStat Hotel
700 _aPrathima Naidu
_eGuide
942 _2ddc
_cTHE